Cuadernos Políticos : número 38, octubre-diciembre 1983 /

Uloženo v:
Podrobná bibliografie
Další autoři: Espresate, Neus (edición) (edición)
Médium: Kniha
Jazyk:španělština
Vydáno: México : Era, 1983
Tagy: Přidat tag
Žádné tagy, Buďte první, kdo vytvoří štítek k tomuto záznamu!

MARC

LEADER 00000nam^a2200000^a^4500
001 000629626
005 20260323000000.0
009 20260407175352.119
022 |a 0185-027X 
037 |a Acervo Xavier Clavigero 
041 |a ESP 
091 |a FHG. 01682 
240 1 1 |a [Cuadernos Políticos] 
245 0 0 |a Cuadernos Políticos :  |b número 38, octubre-diciembre 1983 / 
264 1 |a México :  |b Era,  |c 1983 
300 |a 101 p. 
336 |a texto  |b txt  |2 rdacontenido 
337 |a sin mediación  |b n  |2 rdamedio 
338 |a volumen  |b nc  |2 rdasoporte 
649 |a XX 
700 |a Espresate, Neus  |e (edición) 
910 |a Fondo Humberto García Bedoy S.J. 
920 |a Impresos - Libros 
930 |a Fondos Especiales 
905 |a 148 
901 |a 629626-10  |b IT2  |c ESP  |i D  |u 20260323 
902 |a https://opac.biblio.iteso.mx/vufind/Record/000629626